INTERNATIONAL ACCOUNTING (Record no. 8804)
[ view plain ]
| 000 -LEADER | |
|---|---|
| fixed length control field | 00451nam a2200193 4500 |
| 005 - DATE AND TIME OF LATEST TRANSACTION | |
| control field | 20260223102055.0 |
| 008 - FIXED-LENGTH DATA ELEMENTS--GENERAL INFORMATION | |
| fixed length control field | CU66 |
| 020 ## - INTERNATIONAL STANDARD BOOK NUMBER | |
| International Standard Book Number | 0130432431 |
| 050 ## - LIBRARY OF CONGRESS CALL NUMBER | |
| Classification number | HF 5686.156.C53 CHO |
| 100 ## - MAIN ENTRY--PERSONAL NAME | |
| Personal name | CHOI,FREDERICK D.S. |
| 245 ## - TITLE STATEMENT | |
| Title | INTERNATIONAL ACCOUNTING |
| 250 ## - EDITION STATEMENT | |
| Edition statement | 4TH |
| 260 ## - PUBLICATION, DISTRIBUTION, ETC. | |
| Place of publication, distribution, etc. | NEW JERSEY |
| Name of publisher, distributor, etc. | PRENTICE HALL |
| Date of publication, distribution, etc. | 2002 |
| 300 ## - PHYSICAL DESCRIPTION | |
| Extent | XVII,522p.,TABLES |
| 500 ## - GENERAL NOTE | |
| General note | INDEX |
| 700 ## - ADDED ENTRY--PERSONAL NAME | |
| Personal name | FROST,CAROL ANN |
| 710 ## - ADDED ENTRY--CORPORATE NAME | |
| Corporate name or jurisdiction name as entry element | MEEK,GARY K. |
| 942 ## - ADDED ENTRY ELEMENTS (KOHA) | |
| Source of classification or shelving scheme | Library of Congress Classification |
| Koha item type | Books |
| Suppress in OPAC | No |
| 999 ## - | |
| -- | 8804 |
| -- | 8804 |
| Withdrawn status | Lost status | Source of classification or shelving scheme | Damaged status | Not for loan | Home library | Current library | Shelving location | Date acquired | Total checkouts | Full call number | Barcode | Date last seen | Price effective from | Koha item type |
|---|---|---|---|---|---|---|---|---|---|---|---|---|---|---|
| Library of Congress Classification | Graduate Library (Christ Temple) | Graduate Library (Christ Temple) | General stacks | 02/23/2026 | HF 5686.156.C53 CHO | gsct00002802 | 02/23/2026 | 02/23/2026 | Books | |||||
| Library of Congress Classification | Graduate Library (Christ Temple) | Graduate Library (Christ Temple) | General stacks | 02/23/2026 | HF 5686.156.C53 CHO | gsct00002803 | 02/23/2026 | 02/23/2026 | Books | |||||
| Library of Congress Classification | Graduate Library (Christ Temple) | Graduate Library (Christ Temple) | General stacks | 02/23/2026 | HF 5686.156.C53 CHO | gsct00002804 | 02/23/2026 | 02/23/2026 | Books | |||||
| Library of Congress Classification | Graduate Library (Christ Temple) | Graduate Library (Christ Temple) | General stacks | 02/23/2026 | HF 5686.156.C53 CHO | gsct00002805 | 02/23/2026 | 02/23/2026 | Books |